01170nam a2200301 a 4500001001000000003000900010005001700019007000300036008004100039040002500080082002500105245011800130260003700248300002100285504002700306590002700333650005600360650004900416700002800465700002600493700002700519700002800546710010700574910003700681942001300718952012000731999001700851000030127DO-SdBNP20250701121839.0ta110429s2006 dr ab 000 0 spa d aDO-SdBNPbspacBNPHU 4bS623pea378.729322210aSituación y perspectivas de la internacionaización de la educación superior /cThelma Camarera ... [et al]. aSanto Domingo :bSEESCYT,c2006. a15 p. ;c25 cm. aBibliografía : p. 14 aInventariado, 2021/MFF 4aEducación superiorzRepública Dominicana979868 4aCooperación internacional educativa9798691 aCamarera, Thelma9568231 aAmell, Loraine9568241 aPacheco, Manuel9568251 aGarcía, René9568261 aRepública Dominicana.bSecretaría de Estado de Educación Superior, Ciencia y Tecnología918778 aValidado. Control de calidad MFF 2ddccLF2 00102ddc51708PDaBNPHUbBNPHUcHDd2011-04-29oBNPHU PD 378.7293 S623pep30127-10r2020-06-25w2020-06-25yLF2 c29619d29619